[Event "Forcing Moves First Summer-2 op"]
[Site "Mississauga CAN"]
[Date "2023.08.27"]
[Round "5.4"]
[White "Suresh, Pavan"]
[Black "Wang, Derek"]
[Result "0-1"]
[WhiteElo "1486"]
[BlackElo "2117"]
[PlyCount "160"]
[EventDate "2023.08.26"]
[EventType "swiss"]
[EventRounds "5"]
[EventCountry "CAN"]

1. d4 d5 2. Nf3 Nf6 3. Bf4 e6 4. e3 c5 5. Nbd2 Qb6 6. dxc5 Bxc5 7. Nb3 Bd6 8.
Bxd6 Qxd6 9. c3 O-O 10. Be2 b6 11. O-O Ba6 12. Bxa6 Nxa6 13. Qc2 Rfc8 14. Rfd1
b5 15. Qe2 Rab8 16. a3 Nc7 17. h3 Qb6 18. Qd3 Nce8 19. Qd4 Qc7 20. Nbd2 Nd6 21.
Qf4 Qb6 22. Qd4 Qc7 23. Qf4 a5 24. Rac1 Qb6 25. Qd4 Qa6 26. Ne5 Qb7 27. Nb3 Nc4
28. Rc2 Qa6 29. Nc5 Rxc5 30. Qxc5 Nxe5 31. b3 Rc8 32. Qd4 Qd6 33. a4 b4 34.
Rdc1 h6 35. cxb4 Rxc2 36. Rxc2 axb4 37. Qc5 Ne4 38. Qxd6 Nxd6 39. a5 Nb5 40.
Rc5 Na7 41. Rc7 Nec6 42. a6 e5 43. Kf1 g6 44. Ke2 Kg7 45. Rd7 d4 46. Kd3 Kf6
47. exd4 exd4 48. Rxd4 Nxd4 49. Kxd4 Ke6 50. Kc5 Kd7 51. Kb6 Nc8+ 52. Kb7 Nd6+
53. Kb8 Ne8 54. a7 Nc7 55. a8=Q Nxa8 56. Kxa8 Kc6 57. Ka7 Kc5 58. Ka6 Kd4 59.
Kb5 Kc3 60. Ka4 f5 61. g3 g5 62. f4 gxf4 63. gxf4 h5 64. h4 Kd4 65. Kxb4 Ke4
66. Kc5 Kxf4 67. b4 Kg4 68. b5 f4 69. b6 f3 70. b7 f2 71. b8=Q f1=Q 72. Qb4+
Kg3 73. Qc3+ Kxh4 74. Qd4+ Kg3 75. Qe3+ Qf3 76. Qg1+ Kh3 77. Kd4 Qg4+ 78. Qxg4+
hxg4 79. Ke3 g3 80. Kf3 g2 0-1

[Event "Forcing Moves First Summer-2 op"]
[Site "Mississauga CAN"]
[Date "2023.08.27"]
[Round "5.5"]
[White "Engel, Ethan"]
[Black "Kahan, Desai"]
[Result "0-1"]
[WhiteElo "1696"]
[BlackElo "1723"]
[PlyCount "104"]
[EventDate "2023.08.26"]
[EventType "swiss"]
[EventRounds "5"]
[EventCountry "CAN"]

1. d4 Nf6 2. c4 c5 3. d5 e6 4. Nc3 a6 5. e4 d6 6. Nf3 Be7 7. Be2 O-O 8. O-O
exd5 9. exd5 Nbd7 10. h3 Ne5 11. a4 Bf5 12. Bf4 Nfd7 13. Re1 Bf6 14. Nd2 Bg5
15. Bxg5 Qxg5 16. Nde4 Qg6 17. Ng3 Bd3 18. Bh5 Qh6 19. b3 f5 20. Be2 Bxe2 21.
Ncxe2 f4 22. Ne4 f3 23. N2g3 fxg2 24. Kxg2 Nf3 25. Re3 Nde5 26. Nd2 Nh4+ 27.
Kg1 Nhg6 28. Qh5 Qf4 29. Rf1 Nh4 30. Re4 Qxd2 31. Rxh4 Nf3+ 32. Kg2 Nxh4+ 33.
Qxh4 Rf4 34. Qe7 Raf8 35. Qe6+ Kh8 36. Nh1 R4f6 37. Qe4 Rg6+ 38. Ng3 Qf4 39.
Qe2 Kg8 40. Qd3 Rgf6 41. Qc2 Qf3+ 42. Kh2 Rg6 43. Rg1 Qxf2+ 44. Qxf2 Rxf2+ 45.
Rg2 Rxg2+ 46. Kxg2 Kf7 47. Kf3 Kf6 48. h4 Ke5 49. h5 Rxg3+ 50. Kxg3 a5 51. h6
gxh6 52. Kg4 Ke4 0-1

[Event "Forcing Moves First Summer-2 op"]
[Site "Mississauga CAN"]
[Date "2023.08.27"]
[Round "5.6"]
[White "Kola, Venkat Karthikeya"]
[Black "Verde, Pino"]
[Result "0-1"]
[WhiteElo "1737"]
[BlackElo "1487"]
[PlyCount "152"]
[EventDate "2023.08.26"]
[EventType "swiss"]
[EventRounds "5"]
[EventCountry "CAN"]

1. e4 g6 2. d4 d6 3. Bc4 Bg7 4. Nf3 e6 5. Bg5 Ne7 6. c3 h6 7. Be3 c6 8. Nbd2
Nd7 9. O-O b6 10. Qc2 Bb7 11. Rad1 d5 12. Bb3 O-O 13. h3 a5 14. a4 Rc8 15. Qb1
f5 16. exf5 exf5 17. Bf4 g5 18. Bh2 Ng6 19. c4 Qf6 20. Qa2 g4 21. hxg4 fxg4 22.
Ne5 Ngxe5 23. dxe5 Nxe5 24. cxd5 Kh8 25. Rfe1 Nf3+ 26. Nxf3 gxf3 27. Be5 Qg5
28. Bg3 h5 29. Re4 fxg2 30. Rde1 cxd5 31. Rh4 Rf3 32. Bd1 Qd2 33. Rxh5+ Kg8 34.
Bxf3 Qxe1+ 35. Kxg2 Rd8 36. Qb3 Qe6 37. Qd3 Bc8 38. Qh7+ Kf8 39. Rf5+ Qxf5 40.
Qh4 Qf6 41. Qh1 Qxb2 42. Qe1 Qd4 43. Bc7 Re8 44. Bd6+ Kf7 45. Bh5+ Kf6 46. Qxe8
Qe4+ 47. Qxe4 dxe4 48. Bc7 Kg5 49. Bd1 Bd4 50. Kg3 Be6 51. Bf4+ Kf6 52. Bd6
Be5+ 53. Bxe5+ Kxe5 54. Bc2 Bd7 55. Bb3 b5 56. axb5 Bxb5 57. f3 e3 58. Bc2 a4
59. f4+ Kf6 60. Kf3 e2 61. Kf2 a3 62. Bb1 Bc4 63. Ke1 Bd3 64. Ba2 Kf5 65. Bb3
Kxf4 66. Bd5 Ke3 67. Ba2 Kd4 68. Kd2 Bc4 69. Bb1 Kc5 70. Ke1 Kb4 71. Kd2 Kb3
72. Ke1 Kb2 73. Bf5 a2 74. Kd2 e1=Q+ 75. Kxe1 a1=Q+ 76. Kd2 Qc1# 0-1

[Event "Forcing Moves First Summer-2 op"]
[Site "Mississauga CAN"]
[Date "2023.08.27"]
[Round "5.7"]
[White "Dhingra, Tanishq Kumar"]
[Black "Deshpande, Sarthak"]
[Result "1/2-1/2"]
[WhiteElo "1506"]
[BlackElo "1788"]
[PlyCount "66"]
[EventDate "2023.08.26"]
[EventType "swiss"]
[EventRounds "5"]
[EventCountry "CAN"]

1. Nf3 d5 2. g3 Nf6 3. Bg2 g6 4. b3 Bg7 5. Bb2 O-O 6. O-O c6 7. d3 Re8 8. Nbd2
a5 9. e4 dxe4 10. dxe4 Nxe4 11. Bxg7 Nxd2 12. Nxd2 Kxg7 13. Qe2 e5 14. Rad1 Qe7
15. Rfe1 Bf5 16. Nc4 e4 17. Nd6 Rd8 18. Nxe4 Re8 19. Qc4 Nd7 20. Qc3+ Qe5 21.
Qxe5+ Rxe5 22. f4 Rd5 23. Rxd5 cxd5 24. Nd6 Nf6 25. Nxf5+ gxf5 26. Re5 Rc8 27.
Bxd5 Rxc2 28. Bxb7 Rxa2 29. Rxf5 h6 30. h3 Kg6 31. g4 Ra3 32. Rb5 a4 33. bxa4
Rxa4 1/2-1/2

[Event "Forcing Moves First Summer-2 op"]
[Site "Mississauga CAN"]
[Date "2023.08.27"]
[Round "5.8"]
[White "Liu, Zeyu"]
[Black "Tenkov, Arkadii"]
[Result "0-1"]
[WhiteElo "1495"]
[BlackElo "1746"]
[PlyCount "72"]
[EventDate "2023.08.26"]
[EventType "swiss"]
[EventRounds "5"]
[EventCountry "CAN"]

1. d4 Nf6 2. Nc3 e6 3. e4 d5 4. e5 Nfd7 5. Nce2 c5 6. c3 Nc6 7. a3 Be7 8. f4 h5
9. Nf3 cxd4 10. cxd4 Nb6 11. Nc3 a6 12. Bd3 Bd7 13. Bc2 Rc8 14. O-O g6 15. Kh1
Nc4 16. b3 Nb6 17. Bb2 Na8 18. Qe1 b5 19. Qg3 Rg8 20. Rad1 Nb6 21. Rf2 b4 22.
axb4 Nxb4 23. Bb1 Rc7 24. Rdf1 Qc8 25. Ne1 Kf8 26. Qe3 Rc6 27. f5 exf5 28. Qh6+
Ke8 29. Qh7 Rf8 30. Ne2 h4 31. Bc1 Rxc1 32. Nxc1 Qxc1 33. Nf3 Qe3 34. e6 Bxe6
35. Ne5 Nd7 36. Nxd7 Bxd7 0-1

[Event "Forcing Moves First Summer-2 op"]
[Site "Mississauga CAN"]
[Date "2023.08.27"]
[Round "5.9"]
[White "Tan, Brendan"]
[Black "Guliyev, Nadir"]
[Result "1-0"]
[WhiteElo "1694"]
[BlackElo "1494"]
[PlyCount "68"]
[EventDate "2023.08.26"]
[EventType "swiss"]
[EventRounds "5"]
[EventCountry "CAN"]

1. e4 c6 2. Nf3 d5 3. Nc3 dxe4 4. Nxe4 Nf6 5. Qe2 Nxe4 6. Qxe4 g6 7. Qe5 f6 8.
Qe3 Bg7 9. Bc4 Nd7 10. O-O Nb6 11. Bb3 Nd5 12. Qe4 Bf5 13. Qh4 O-O 14. d4 b5
15. g4 g5 16. Qg3 Bg6 17. a4 Kh8 18. h4 h6 19. hxg5 hxg5 20. Kg2 e6 21. axb5
cxb5 22. Ra6 Qd7 23. Rd6 Qf7 24. Rh1+ Kg8 25. Re1 Rfe8 26. Rdxe6 Rxe6 27. Bxd5
Rae8 28. Rxe6 Rxe6 29. Qb8+ Kh7 30. Bxe6 Qxe6 31. Kg3 Be4 32. Qxb5 Bf8 33. Qxg5
Bg6 34. Bf4 Be4 1-0

[Event "Forcing Moves First Summer-2 op"]
[Site "Mississauga CAN"]
[Date "2023.08.27"]
[Round "5.10"]
[White "Supsup, Ferdinand"]
[Black "Banger, Sarataj"]
[Result "1-0"]
[WhiteElo "1671"]
[BlackElo "1578"]
[PlyCount "113"]
[EventDate "2023.08.26"]
[EventType "swiss"]
[EventRounds "5"]
[EventCountry "CAN"]

1. d4 d5 2. Nf3 Nf6 3. e3 Bf5 4. Nbd2 e6 5. b3 c5 6. Bb2 a6 7. Be2 Nc6 8. a3
Bd6 9. O-O h6 10. Ne5 cxd4 11. exd4 Qc7 12. Ndf3 O-O 13. Rc1 Ng4 14. Nxg4 Bxg4
15. h3 Bxf3 16. Bxf3 Bf4 17. Rb1 b5 18. Qd3 Na5 19. g3 Bg5 20. Rbe1 Rac8 21.
Bd1 Nb7 22. f4 Bf6 23. f5 Nc5 24. dxc5 Qxc5+ 25. Qe3 Qxe3+ 26. Rxe3 Bxb2 27.
Kg2 e5 28. a4 bxa4 29. bxa4 Rc3 30. Rxc3 Bxc3 31. Be2 a5 32. Rb1 Bb4 33. Rd1 d4
34. Kf3 Rc8 35. Bd3 f6 36. Ke4 Rc5 37. g4 Kf7 38. h4 Ke7 39. Rg1 Bd2 40. Rd1
Bb4 41. Rg1 Rc3 42. g5 hxg5 43. hxg5 Kf7 44. g6+ Ke8 45. Kd5 Kd7 46. Rh1 Bf8
47. Rh8 Rc5+ 48. Ke4 Ke7 49. Rh1 Kd7 50. Rb1 Rc8 51. Rb5 Rc5 52. Rb7+ Kc8 53.
Rf7 Rc3 54. Rxf8+ Kd7 55. Rf7+ Ke8 56. Rxg7 Ra3 57. Ra7 1-0

[Event "Forcing Moves First Summer-2 op"]
[Site "Mississauga CAN"]
[Date "2023.08.27"]
[Round "5.11"]
[White "Fu, Odyssey"]
[Black "Cheng, Adam"]
[Result "0-1"]
[WhiteElo "1577"]
[BlackElo "1526"]
[PlyCount "104"]
[EventDate "2023.08.26"]
[EventType "swiss"]
[EventRounds "5"]
[EventCountry "CAN"]

1. e4 c5 2. Nf3 Nc6 3. d4 cxd4 4. Nxd4 g6 5. Nc3 Bg7 6. Be3 Nf6 7. f3 O-O 8. g4
Qb6 9. Na4 Qb4+ 10. c3 Qa5 11. h4 d5 12. Nxc6 bxc6 13. b4 Qc7 14. Bd3 Rd8 15.
Qe2 dxe4 16. Bxe4 Nxe4 17. fxe4 Qg3+ 18. Qf2 Qxg4 19. Rg1 Qxe4 20. Qf4 Qxf4 21.
Bxf4 Be6 22. h5 a5 23. Rb1 axb4 24. Rxb4 c5 25. Re4 Bd5 26. Rxe7 Rxa4 27. Bc7
Rf8 28. hxg6 fxg6 29. Be5 Re4+ 30. Kd1 Rxe5 31. Rc7 Bxa2 32. Kc1 Bb3 33. Kb2 c4
34. Rb7 Re2+ 35. Ka3 Bxc3 36. Rxg6+ Kh8 37. Rg8+ Kxg8 38. Rg7+ Bxg7 39. Kb4
Rb8+ 40. Kc5 Bd4+ 41. Kd6 Bc5+ 42. Kc6 Ba4+ 43. Kc7 Bb6+ 44. Kxb8 c3 45. Kb7
Bc6+ 46. Kxc6 c2 47. Kb7 Re7+ 48. Ka6 c1=Q 49. Kb5 Qc5+ 50. Ka4 Re4+ 51. Kb3
Rb4+ 52. Ka3 Qa5# 0-1

[Event "Forcing Moves First Summer-3 U1800"]
[Site "Mississauga CAN"]
[Date "2023.09.23"]
[Round "1.6"]
[White "Buscar, Bernard"]
[Black "Kola, Venkat Karthikeya"]
[Result "0-1"]
[WhiteElo "1408"]
[BlackElo "1659"]
[PlyCount "70"]
[EventDate "2023.09.23"]
[EventType "swiss"]
[EventRounds "5"]
[EventCountry "CAN"]

1. d4 d5 2. c4 e6 3. Nc3 Be7 4. Bf4 Nf6 5. e3 O-O 6. Bd3 a6 7. Nf3 dxc4 8. Bxc4
b5 9. Bd3 Bb7 10. O-O Nbd7 11. Rc1 c5 12. h3 Rc8 13. Re1 Qb6 14. a3 Rfd8 15.
Qe2 Bxf3 16. Qxf3 cxd4 17. Ne4 Nxe4 18. Qxe4 Nf6 19. Qf3 dxe3 20. Bxe3 Qb8 21.
Bb1 Rxc1 22. Rxc1 b4 23. a4 b3 24. Bf4 e5 25. Bg5 Qb4 26. Qf5 h6 27. Bxf6 Bxf6
28. Qh7+ Kf8 29. Be4 Qd6 30. Rc6 Qd7 31. Rxa6 Qd4 32. Bc6 Bh4 33. Qf5 Bg3 34.
Qf3 Qd1+ 35. Qxd1 Rxd1# 0-1

[Event "Forcing Moves First Summer-3 U1800"]
[Site "Mississauga CAN"]
[Date "2023.09.23"]
[Round "1.7"]
[White "Verde, Pino"]
[Black "Sreekumar Maliekal, Balakrishnan"]
[Result "1-0"]
[WhiteElo "1535"]
[BlackElo "1398"]
[PlyCount "74"]
[EventDate "2023.09.23"]
[EventType "swiss"]
[EventRounds "5"]
[EventCountry "CAN"]

1. Nf3 Nf6 2. d3 g6 3. e4 d6 4. g3 Bg7 5. Bg2 O-O 6. O-O c5 7. Nbd2 Nc6 8. c3
Bg4 9. Re1 b5 10. Qc2 Rc8 11. h3 Bd7 12. Nf1 Qa5 13. Bd2 b4 14. a3 Qb6 15. Ne3
Rb8 16. axb4 cxb4 17. Nc4 Qb7 18. e5 b3 19. Qc1 Ne8 20. Bf4 d5 21. e6 fxe6 22.
Bxb8 dxc4 23. Be5 Qb5 24. dxc4 Qxc4 25. Bxg7 Kxg7 26. Qd2 Bc8 27. Nd4 Nxd4 28.
Qxd4+ Qxd4 29. cxd4 a6 30. Ra3 Nd6 31. Rxb3 Bd7 32. Rb6 a5 33. d5 Rf6 34. dxe6
Bxe6 35. Ra6 Nc4 36. Rexe6 Nxb2 37. Rxf6 exf6 1-0

[Event "Forcing Moves First Summer-3 U1800"]
[Site "Mississauga CAN"]
[Date "2023.09.23"]
[Round "1.8"]
[White "Dembla, Shabd"]
[Black "Hong, Zihan"]
[Result "1/2-1/2"]
[WhiteElo "1394"]
[BlackElo "1519"]
[PlyCount "83"]
[EventDate "2023.09.23"]
[EventType "swiss"]
[EventRounds "5"]
[EventCountry "CAN"]

1. Nf3 c5 2. b3 d6 3. Bb2 Nc6 4. e3 Nf6 5. d4 cxd4 6. exd4 g6 7. d5 Nb4 8. c4
Bg7 9. Nc3 Bf5 10. Nd4 Bd7 11. Be2 O-O 12. O-O Qb6 13. Qd2 Na6 14. Rad1 Nc5 15.
Bf3 Bg4 16. Bxg4 Nxg4 17. Nf3 Ne5 18. Nxe5 Bxe5 19. Kh1 f5 20. f4 Bg7 21. Rfe1
Rae8 22. Re2 Nd7 23. Rde1 Rf7 24. Na4 Qc7 25. Bxg7 Kxg7 26. Qd4+ Nf6 27. Qxa7
Ne4 28. Qd4+ Kg8 29. Nc3 Nxc3 30. Qxc3 Rg7 31. Re3 Rf7 32. Qb4 b6 33. Re6 Ra8
34. a4 Ra7 35. Qb5 Ra8 36. Qc6 Qxc6 37. dxc6 Kf8 38. Rd1 Rc8 39. Rd5 Rxc6 40.
Rb5 Ke8 41. Kg1 Kd7 42. Re2 1/2-1/2

[Event "Forcing Moves First Summer-3 U1800"]
[Site "Mississauga CAN"]
[Date "2023.09.23"]
[Round "1.9"]
[White "Dhingra, Tanishq Kumar"]
[Black "Kang, Richard"]
[Result "1/2-1/2"]
[WhiteElo "1502"]
[BlackElo "1375"]
[PlyCount "80"]
[EventDate "2023.09.23"]
[EventType "swiss"]
[EventRounds "5"]
[EventCountry "CAN"]

1. Nf3 d5 2. g3 Nf6 3. Bg2 e6 4. d3 Be7 5. Nbd2 O-O 6. O-O Nbd7 7. e4 dxe4 8.
dxe4 e5 9. Nc4 Nxe4 10. Qe2 Nef6 11. Rd1 e4 12. Nfe5 Qe8 13. Bg5 Nxe5 14. Nxe5
h6 15. Bxf6 Bxf6 16. Nc4 Bf5 17. c3 Qe6 18. Ne3 Bh3 19. Nd5 Bxg2 20. Kxg2 Bd8
21. Rd4 c6 22. Nf4 Qf5 23. Rxe4 Bc7 24. Rd1 Rad8 25. Red4 Rxd4 26. Rxd4 Bxf4
27. Rxf4 Qd5+ 28. Qf3 Qxa2 29. Rb4 Qa6 30. Qe3 b6 31. Rg4 Qc8 32. h3 c5 33. Qe5
Qc6+ 34. Kh2 f6 35. Qf4 Qd7 36. Rg6 Kh7 37. Rg4 Qf7 38. Qf3 Qd7 39. Qe3 Re8 40.
Qf3 Rf8 1/2-1/2

[Event "Forcing Moves First Summer-3 U1800"]
[Site "Mississauga CAN"]
[Date "2023.09.23"]
[Round "1.10"]
[White "Sekaran, Adithya"]
[Black "Cholakis, Max"]
[Result "1/2-1/2"]
[WhiteElo "1323"]
[BlackElo "1462"]
[PlyCount "151"]
[EventDate "2023.09.23"]
[EventType "swiss"]
[EventRounds "5"]
[EventCountry "CAN"]

1. c4 Nf6 2. Nc3 b6 3. d4 Bb7 4. Bg5 e6 5. e3 Bb4 6. Nf3 Bxc3+ 7. bxc3 d6 8.
Be2 Nbd7 9. O-O O-O 10. Rb1 Qe7 11. Re1 e5 12. d5 Nc5 13. Qc2 h6 14. Bxf6 Qxf6
15. Nd2 Qg5 16. Ne4 Nxe4 17. Qxe4 f5 18. Qf3 Qf6 19. e4 fxe4 20. Qxf6 Rxf6 21.
Bg4 Raf8 22. Rb2 Rf4 23. h3 e3 24. Rxe3 Rxc4 25. Be6+ Kh8 26. Rb4 Rxb4 27. cxb4
Bc8 28. Bxc8 Rxc8 29. Ra3 c6 30. dxc6 Rxc6 31. Rxa7 d5 32. Re7 Rc1+ 33. Kh2 e4
34. Re6 Rc4 35. a3 b5 36. Rb6 d4 37. Rxb5 d3 38. Rd5 Rc3 39. Rd4 Rxa3 40. Rxe4
Rb3 41. Rd4 Kh7 42. Rd6 Kg8 43. b5 Kf7 44. b6 Ke7 45. Rd4 Rxb6 46. Rxd3 Rf6 47.
Kg3 g5 48. Ra3 Kf7 49. Ra7+ Kg6 50. f3 h5 51. h4 gxh4+ 52. Kxh4 Rf4+ 53. Kg3
Rf5 54. Kh4 Rf4+ 55. g4 Rxf3 56. Ra6+ Kg7 57. Kxh5 Rf1 58. Kg5 Rf7 59. Rg6+ Kh7
60. Rf6 Rb7 61. Re6 Rf7 62. Kh5 Rb7 63. g5 Kg7 64. Re5 Rc7 65. Re6 Rb7 66. Rg6+
Kh7 67. Rc6 Kg7 68. Re6 Rc7 69. Re4 Rb7 70. Kg4 Rb5 71. Rd4 Rb7 72. Kh5 Rc7 73.
Kg4 Rf7 74. Rd6 Rb7 75. Kf5 Rf7+ 76. Ke5 1/2-1/2

[Event "Forcing Moves First Summer-3 U1800"]
[Site "Mississauga CAN"]
[Date "2023.09.23"]
[Round "2.6"]
[White "Kola, Venkat Karthikeya"]
[Black "Verde, Pino"]
[Result "1-0"]
[WhiteElo "1659"]
[BlackElo "1535"]
[PlyCount "47"]
[EventDate "2023.09.23"]
[EventType "swiss"]
[EventRounds "5"]
[EventCountry "CAN"]

1. e4 e5 2. Nf3 Nc6 3. Bb5 a6 4. Ba4 Nf6 5. O-O b5 6. Bb3 Be7 7. c3 O-O 8. Re1
d6 9. h3 Be6 10. d4 Bd7 11. Bc2 Qc8 12. Kh2 Rb8 13. d5 Nd8 14. Be3 c5 15. Nbd2
Ne8 16. Nf1 f5 17. exf5 Bxf5 18. Ng3 Bxc2 19. Qxc2 h6 20. Rad1 Nf7 21. Nf5 Bg5
22. Nxg5 Rb7 23. Ne7+ Rxe7 24. Qh7# 1-0

[Event "Forcing Moves First Summer-3 U1800"]
[Site "Mississauga CAN"]
[Date "2023.09.23"]
[Round "2.7"]
[White "Hong, Zihan"]
[Black "Sekaran, Adithya"]
[Result "1/2-1/2"]
[WhiteElo "1519"]
[BlackElo "1323"]
[PlyCount "127"]
[EventDate "2023.09.23"]
[EventType "swiss"]
[EventRounds "5"]
[EventCountry "CAN"]

1. d4 Nf6 2. c4 e6 3. Nc3 Bb4 4. e3 b6 5. Bd2 Bb7 6. Nf3 d5 7. Bd3 dxc4 8. Bxc4
O-O 9. O-O Nc6 10. Bd3 Re8 11. a3 Bf8 12. Qc2 h6 13. Rac1 Rc8 14. Rfd1 Nb8 15.
e4 c5 16. dxc5 Bxc5 17. b4 Be7 18. e5 Nd5 19. Qb1 Nd7 20. Nxd5 Bxd5 21. Be4
Bxe4 22. Qxe4 Rc7 23. Qg4 Kh7 24. Qh5 Kg8 25. g4 Rxc1 26. Bxc1 Qc7 27. Re1 Qc3
28. Kg2 Qd3 29. h4 Nf8 30. g5 Qg6 31. Qxg6 Nxg6 32. h5 Nf8 33. gxh6 gxh6 34.
Bxh6 Kh7 35. Bf4 a5 36. Bd2 axb4 37. axb4 Rc8 38. Re4 b5 39. Rg4 Nd7 40. h6 Bf8
41. Ng5+ Kxh6 42. Nxf7+ Kh7 43. Ng5+ Kg6 44. Nf3+ Kf7 45. Rf4+ Ke7 46. Re4 Bg7
47. Bg5+ Ke8 48. Bf4 Ke7 49. Re2 Rc4 50. Bd2 Nb6 51. Ne1 Nd5 52. Nc2 Bxe5 53.
Na3 Rg4+ 54. Kh3 Rd4 55. Nc2 Rd3+ 56. Kg2 Bc3 57. Bg5+ Kd7 58. Re4 Bf6 59. Bxf6
Nxf6 60. Rd4+ Rxd4 61. Nxd4 Nd5 62. Nxb5 Nxb4 63. Nd4 e5 64. Nf3 1/2-1/2

[Event "Forcing Moves First Summer-3 U1800"]
[Site "Mississauga CAN"]
[Date "2023.09.23"]
[Round "2.8"]
[White "Anish, Diganth"]
[Black "Dhingra, Tanishq Kumar"]
[Result "0-1"]
[WhiteElo "1326"]
[BlackElo "1502"]
[PlyCount "90"]
[EventDate "2023.09.23"]
[EventType "swiss"]
[EventRounds "5"]
[EventCountry "CAN"]

1. e4 e5 2. Nf3 Nf6 3. Nc3 Nc6 4. d3 Be7 5. Be3 O-O 6. Be2 d5 7. exd5 Nxd5 8.
Nxd5 Qxd5 9. O-O Bf5 10. Re1 Rad8 11. a3 e4 12. dxe4 Qxe4 13. Bd3 Qd5 14. Bxf5
Qxf5 15. Qe2 Bf6 16. c3 Rfe8 17. Rad1 a6 18. Rxd8 Bxd8 19. Rd1 Ne5 20. Nxe5
Qxe5 21. Qf3 Bg5 22. Rd5 Qe7 23. Rd3 c5 24. h3 Qc7 25. Rd5 Bxe3 26. fxe3 h6 27.
Kf2 Qb6 28. Rd7 Qxb2+ 29. Kg1 Rf8 30. e4 b5 31. e5 Qb1+ 32. Kh2 Qg6 33. Rd6 Qg5
34. e6 fxe6 35. Qe4 Qf4+ 36. Qxf4 Rxf4 37. Rxe6 Ra4 38. Rc6 c4 39. Kg3 Rxa3 40.
Kg4 Rxc3 41. Kh4 a5 42. g4 b4 43. Kh5 Kh7 44. h4 Rd3 45. Rc5 g6# 0-1

[Event "Forcing Moves First Summer-3 U1800"]
[Site "Mississauga CAN"]
[Date "2023.09.23"]
[Round "2.10"]
[White "Kang, Richard"]
[Black "Dembla, Shabd"]
[Result "1/2-1/2"]
[WhiteElo "1375"]
[BlackElo "1394"]
[PlyCount "47"]
[EventDate "2023.09.23"]
[EventType "swiss"]
[EventRounds "5"]
[EventCountry "CAN"]

1. d4 d5 2. c4 c6 3. Nc3 Nf6 4. Nf3 g6 5. Bf4 Bg7 6. e3 O-O 7. cxd5 cxd5 8. Bd3
Bg4 9. O-O Nc6 10. h3 Bxf3 11. Qxf3 Re8 12. Rac1 Rc8 13. a3 e5 14. dxe5 Nxe5
15. Qe2 d4 16. exd4 Qxd4 17. Bxe5 Qxe5 18. Qf3 Re7 19. Nd5 Ree8 20. Rxc8 Rxc8
21. Nxf6+ Bxf6 22. Qxb7 Qb8 23. Qxb8 Rxb8 24. Rb1 1/2-1/2

[Event "Forcing Moves First Summer-3 U1800"]
[Site "Mississauga CAN"]
[Date "2023.09.23"]
[Round "3.6"]
[White "Dhingra, Tanishq Kumar"]
[Black "Kola, Venkat Karthikeya"]
[Result "1/2-1/2"]
[WhiteElo "1502"]
[BlackElo "1659"]
[PlyCount "62"]
[EventDate "2023.09.23"]
[EventType "swiss"]
[EventRounds "5"]
[EventCountry "CAN"]

1. Nf3 c5 2. g3 d5 3. Bg2 Nf6 4. d3 Nc6 5. Nbd2 e5 6. O-O Bd6 7. e4 dxe4 8.
dxe4 O-O 9. c3 Bg4 10. h3 Bxf3 11. Qxf3 b5 12. Qe2 Qb6 13. a4 a6 14. Rd1 Rad8
15. axb5 axb5 16. Bf1 c4 17. Nf3 h6 18. Nh4 Ne7 19. Be3 Bc5 20. Bxc5 Qxc5 21.
Bg2 Ng6 22. Nf5 b4 23. Kh2 bxc3 24. bxc3 Rfe8 25. Ra6 Rxd1 26. Qxd1 Qxf2 27.
Rxf6 gxf6 28. Nxh6+ Kh7 29. Qh5 Nf4 30. gxf4 Qxf4+ 31. Kh1 Qc1+ 1/2-1/2

[Event "Forcing Moves First Summer-3 U1800"]
[Site "Mississauga CAN"]
[Date "2023.09.23"]
[Round "3.7"]
[White "Verde, Pino"]
[Black "Cholakis, Max"]
[Result "0-1"]
[WhiteElo "1535"]
[BlackElo "1462"]
[PlyCount "55"]
[EventDate "2023.09.23"]
[EventType "swiss"]
[EventRounds "5"]
[EventCountry "CAN"]

1. Nf3 Nf6 2. d3 d5 3. g3 c5 4. Bg2 Nc6 5. Nbd2 Bf5 6. Nh4 Bg6 7. Nxg6 hxg6 8.
e4 e6 9. h4 Bd6 10. c3 Qb6 11. O-O O-O-O 12. Nb3 c4 13. Be3 Qa6 14. dxc4 dxc4
15. Nd2 Bc7 16. Re1 Ne5 17. Qc2 Nd3 18. Red1 Ng4 19. Nxc4 Qxc4 20. Qe2 Nxe3 21.
fxe3 Ne5 22. Bf1 Qxe2 23. Bxe2 Bb6 24. Kf2 g5 25. h5 g4 26. Rh1 Rd2 27. b3 Rh6
28. a4 0-1

[Event "Forcing Moves First Summer-3 U1800"]
[Site "Mississauga CAN"]
[Date "2023.09.23"]
[Round "3.8"]
[White "Sreekumar Maliekal, Balakrishnan"]
[Black "Hong, Zihan"]
[Result "0-1"]
[WhiteElo "1398"]
[BlackElo "1519"]
[PlyCount "74"]
[EventDate "2023.09.23"]
[EventType "swiss"]
[EventRounds "5"]
[EventCountry "CAN"]

1. d4 Nf6 2. c4 e6 3. Nf3 b6 4. g3 Bb7 5. Bg2 Bb4+ 6. Bd2 Bxd2+ 7. Nbxd2 O-O 8.
O-O d5 9. Ne5 Nc6 10. Nxc6 Bxc6 11. Rc1 Bb7 12. Qa4 Re8 13. Rc3 a5 14. Rfc1 Rc8
15. Qd1 Qe7 16. R1c2 Ba6 17. e3 dxc4 18. Nxc4 Nd5 19. Bxd5 exd5 20. Ne5 c5 21.
Qg4 c4 22. Rd2 Rc7 23. Qd1 Bc8 24. f4 f6 25. Ng4 b5 26. Qf3 b4 27. Rcc2 Bxg4
28. Qxg4 Qxe3+ 29. Kg2 Qe4+ 30. Kh3 Rce7 31. Qd1 Qf5+ 32. Kg2 Re3 33. h3 h5 34.
Rf2 c3 35. bxc3 bxc3 36. Rce2 Qe4+ 37. Kh2 Rxe2 0-1

[Event "Forcing Moves First Summer-3 U1800"]
[Site "Mississauga CAN"]
[Date "2023.09.23"]
[Round "3.9"]
[White "Sekaran, Adithya"]
[Black "Kang, Richard"]
[Result "1-0"]
[WhiteElo "1323"]
[BlackElo "1375"]
[PlyCount "56"]
[EventDate "2023.09.23"]
[EventType "swiss"]
[EventRounds "5"]
[EventCountry "CAN"]

1. e4 c6 2. d4 d5 3. exd5 cxd5 4. Bd3 Nc6 5. c3 Nf6 6. Nf3 Bg4 7. Bf4 e6 8.
Nbd2 Bd6 9. Bxd6 Qxd6 10. h3 Bh5 11. O-O O-O 12. Re1 Rac8 13. Qb3 Qc7 14. Rac1
Bg6 15. Bxg6 hxg6 16. Ne5 a6 17. c4 Nxd4 18. Qd3 Nf5 19. cxd5 Qxc1 20. Rxc1
Rxc1+ 21. Kh2 Nxd5 22. Qe4 Rfc8 23. Ndf3 Rd1 24. g4 Nd6 25. Qa4 Rcc1 26. Qd7
Nf6 27. Qd8+ Kh7 28. Ng5+ Kh6 1-0

[Event "Forcing Moves First Summer-3 U1800"]
[Site "Mississauga CAN"]
[Date "2023.09.23"]
[Round "3.10"]
[White "Dembla, Shabd"]
[Black "Buscar, Bernard"]
[Result "1-0"]
[WhiteElo "1394"]
[BlackElo "1408"]
[PlyCount "61"]
[EventDate "2023.09.23"]
[EventType "swiss"]
[EventRounds "5"]
[EventCountry "CAN"]

1. Nf3 c5 2. b3 Nc6 3. Bb2 Nf6 4. e3 d6 5. d4 cxd4 6. exd4 e6 7. Bd3 Be7 8. O-O
O-O 9. Re1 Qc7 10. c4 d5 11. Nbd2 Bd6 12. Rc1 h6 13. Ne5 Nxe5 14. dxe5 Nd7 15.
exd6 Qxd6 16. Qg4 e5 17. c5 Nxc5 18. Qg3 Nxd3 19. Qxd3 f5 20. Bxe5 Qg6 21. Re3
Rf7 22. Rce1 Qc6 23. Rg3 Re7 24. Nf3 Bd7 25. Nd4 Qc8 26. h3 f4 27. Rg6 Qe8 28.
Nf3 Bc6 29. Qf5 Bd7 30. Qh5 Kf8 31. Bd6 1-0

[Event "Forcing Moves First Summer-3 U1800"]
[Site "Mississauga CAN"]
[Date "2023.09.23"]
[Round "3.11"]
[White "Roque, Alexa"]
[Black "Anish, Diganth"]
[Result "1-0"]
[WhiteElo "1326"]
[BlackElo "1326"]
[PlyCount "93"]
[EventDate "2023.09.23"]
[EventType "swiss"]
[EventRounds "5"]
[EventCountry "CAN"]

1. d4 Nf6 2. c4 e6 3. Nf3 d5 4. Nc3 Bb4 5. Bg5 b6 6. cxd5 exd5 7. Qa4+ Bd7 8.
Qxb4 Nc6 9. Qb3 Na5 10. Qc2 c6 11. e3 Rb8 12. Bd3 h6 13. Bh4 b5 14. Bg3 Rb7 15.
Ne5 b4 16. Nxd7 Nxd7 17. Na4 O-O 18. Ba6 b3 19. Qc3 Nf6 20. Bxb7 Ne4 21. Qb4
Nxb7 22. Qxb7 Qa5+ 23. Ke2 Qd2+ 24. Kf3 Ng5+ 25. Kf4 Qd3 26. Qe7 g6 27. Ke5 Ne6
28. Nc5 Qf5+ 29. Kd6 Ng7 30. Nd7 Re8 31. Nf6+ Kh8 32. Nxe8 Nxe8+ 33. Qxe8+ Kh7
34. Qe5 Qc8 35. Qe7 Qb8+ 36. Kd7 Qb7+ 37. Ke8 Qc8+ 38. Kxf7 Qg8+ 39. Kf6+ Kh8
40. Bf4 bxa2 41. Qf7 Qxf7+ 42. Kxf7 g5 43. Be5+ Kh7 44. Rxa2 c5 45. Rxa7 cxd4
46. Ra8 dxe3 47. Rh8# 1-0